| 000 | 01567cam a2200421 i 4500 | ||
|---|---|---|---|
| 999 |
_c528161 _d528161 |
||
| 001 | 21130112 | ||
| 003 | NUST | ||
| 005 | 20190831063432.0 | ||
| 008 | 190813s2018 ts a b 000 0 eng d | ||
| 010 | _a 2019384129 | ||
| 020 |
_a9789948398004 _qhardcover) |
||
| 020 | _a9948398009 | ||
| 035 | _a(OCoLC)on1090032349 | ||
| 038 | _aWASEEM | ||
| 040 |
_aA7U _beng _cA7U _erda _dGZM _dOCLCF _dUKMGB _dDKAGE _dDLC |
||
| 042 | _alccopycat | ||
| 043 | _aa-ts--- | ||
| 050 | 0 | 0 |
_aHN666.A8 _bS89 2018 |
| 082 | 0 | 4 |
_a953.57 _bALS |
| 100 | 1 |
_aSuwaidi, Jamal S., _eauthor. _919748 |
|
| 245 | 1 | 0 |
_aUnited Arab Emirates society in the twenty-first century : _bissues and challenges in a changing world / _cJamal Sanad Al-Suwaidi. |
| 250 | _aFirst edition. | ||
| 264 | 1 |
_aAbu Dhabi : _bJamal Sanad Al-Suwaidi, _c2018. |
|
| 300 |
_a201 pages : _billustrations (some color) ; _c22 cm |
||
| 336 |
_atext _btxt _2rdacontent |
||
| 337 |
_aunmediated _bn _2rdamedia |
||
| 338 |
_avolume _bnc _2rdacarrier |
||
| 504 | _aIncludes bibliographical references (pages 187-201). | ||
| 650 | 0 |
_aSocial change _zUnited Arab Emirates. _919749 |
|
| 650 | 0 |
_aCivil society _zUnited Arab Emirates. _919750 |
|
| 650 | 0 |
_aEducation _zUnited Arab Emirates. _919751 |
|
| 650 | 0 |
_aCitizenship _zUnited Arab Emirates. _919752 |
|
| 651 | 0 |
_aUnited Arab Emirates _xHistory. _919753 |
|
| 651 | 0 |
_aUnited Arab Emirates _xPolitics and government. _919754 |
|
| 906 |
_a7 _bcbc _ccopycat _d3 _encip _f20 _gy-nonroman |
||
| 942 |
_2ddc _cBK |
||